Santoral español o Colección de biografías de todos los santos nacidos en España : (Record no. 164755)
[ view plain ]
| 000 -LEADER | |
|---|---|
| campo de control de longitud fija | 01322nam a2200241 i 4500 |
| 001 - NÚMERO DE CONTROL | |
| campo de control | 164755 |
| 003 - IDENTIFICADOR DE NÚMERO DE CONTROL | |
| campo de control | ES-MaACL |
| 005 - FECHA Y HORA DE LA ÚLTIMA TRANSACCIÓN | |
| campo de control | 20250720042725.0 |
| 008 - DATOS DE LONGITUD FIJA--INFORMACIÓN GENERAL | |
| campo de control de longitud fija | 970610m18631864sp a |||| | spa d |
| 100 1# - ENTRADA PRINCIPAL--NOMBRE DE PERSONA | |
| Nombre de persona | Nenclares, Eustaquio María de. |
| 9 (RLIN) | 130440 |
| 245 10 - MENCIÓN DEL TÍTULO | |
| Título | Santoral español o Colección de biografías de todos los santos nacidos en España : |
| Resto del título | arreglado por meses en forma de año cristiano / |
| Mención de responsabilidad, etc. | redactado por conocidos y competentes escritores, cuyos nombres van al frente del mes que cada uno ha escrito ; publicado por D. Manuel Arroita y Gómez, editor. |
| 246 3# - FORMA VARIANTE DEL TITULO | |
| Título propio/Titulo breve | Colección de biografías de todos los santos nacidos en España |
| 260 ## - PUBLICACIÓN, DISTRIBUCIÓN, ETC. | |
| Lugar de publicación, distribución, etc. | Madrid : |
| Nombre del editor, distribuidor, etc. | [s.n.], |
| Fecha de publicación, distribución, etc. | 1863-1864 ( |
| Fabricante | Imp. de la Regeneración, a cargo de D.F. Gamayo) |
| 300 ## - DESCRIPCIÓN FÍSICA | |
| Extensión | 2 v. (742, VII p., [12] h. de lám. ; 754, VIII p., [8] h. de lám.) ; |
| Dimensiones | 22 cm. |
| 530 ## - NOTA DISPONIBLE DE FORMULARIO FÍSICO ADICIONAL | |
| Nota de formato físico adicional disponible | Disponible en formato digital. |
| 594 ## - Nota al título y mención de responsabilidad | |
| Nota al título y mención de responsabilidad | Los nombres de los autores constan en el encabezamiento de cada mes |
| 650 #4 - PUNTO DE ACCESO ADICIONAL DE MATERIA--TÉRMINO DE MATERIA | |
| Término de materia o nombre geográfico como elemento de entrada | Santos- |
| Subdivisión general | Biografías |
| 9 (RLIN) | 16988 |
| 700 1# - ENTRADA AGREGADA--NOMBRE PERSONAL | |
| Nombre de persona | Arroita y Gómez, Manuel. |
| 9 (RLIN) | 125723 |
| 700 1# - ENTRADA AGREGADA--NOMBRE PERSONAL | |
| Nombre de persona | López González, Antonio. |
| 9 (RLIN) | 174591 |
| 852 4# - LOCALIZACIÓN | |
| Ubicación | ES-MaACL |
| Número de control de estantería | D-3448-49 |
| Nota libre | - Enc. hol. |
| 856 4# - LOCALIZACIÓN Y ACCESO ELECTRÓNICOS | |
| Identificador Uniforme de Recursos | <a href="https://bibliotecadigital.jcyl.es/es/consulta/registro.do?id=18894">https://bibliotecadigital.jcyl.es/es/consulta/registro.do?id=18894</a> |
| Nota pública | Biblioteca Digital de Castilla y León |
| Estatus retirado | Estado de pérdida | Estado de daño | No para préstamo | Colección | Biblioteca de origen | Biblioteca actual | Ubicación en estantería | Fecha de adquisición | Total de préstamos | Signatura topográfica completa | Código de barras | Visto por última vez | Precio de reemplazo | Tipo de ítem Koha |
|---|---|---|---|---|---|---|---|---|---|---|---|---|---|---|
| Colección digital | Biblioteca del Ateneo de Madrid | Biblioteca del Ateneo de Madrid | Sala Valle Inclán | 17/01/2008 | D-3448-49 | 901172709 | 23/02/2023 | 23/02/2023 | Libro impreso antiguo |
